| 000 | 00821nam a2200193 a 4500 | ||
|---|---|---|---|
| 008 | 090702s1997 ||||||||||||||||| || u | ||
| 020 | _a013736802X | ||
| 050 | _aHF 5635 Sco | ||
| 100 | _aScott, William R | ||
| 245 | 1 | 0 | _aFinancial accounting theory |
| 260 |
_aNew Jersey _bPrentice Hall _c1997 |
||
| 300 | _axiv, 418p.: ill | ||
| 350 | _a95000.00 | ||
| 500 | _aIncludes index | ||
| 650 | 0 | _aACCOUNTING--HANDBOOKS, MANUALS, ETC | |
| 650 | _aFINANCIAL ACCOUNTING | ||
| 995 |
_aMAIN LIBRARY OPEN ACCESS _D95000.00 _e738825 _FCBU-MAIN LIBRARY (Kitwe) _H1 _I0.00 _jHF 5635 Sco _UAVAILABLE _WJul 2, 2009 _y738825 _ZMain Library Open Access Collection |
||
| 995 |
_aMAIN LIBRARY OPEN ACCESS _D95000.00 _e738824 _FCBU-MAIN LIBRARY (Kitwe) _H1 _I0.00 _jHF 5635 Sco _M2 _UAVAILABLE _WSep 18, 2009 _y738824 _ZMain Library Open Access Collection |
||
| 999 |
_c63069 _d63069 |
||